Gaming Quiz

Random Gaming or City Quiz

Most Populous Pokémon Cities Quiz Stats

 Plays Quiz Updated May 10, 2019

Score 0/10 Timer 04:00
5 Plays Today
Rank City % Correct
5Goldenrod City, Johto
65%
1Lumiose City, Kalos
60.4%
3Mauville City, Hoenn
42.4%
8Lilycove City, Hoenn
27.3%
7Hau'oli City, Alola
25.7%
6Jubilife City, Sinnoh
25.3%
4Castelia City, Unova
25%
10Hearthome City, Sinnoh
22.3%
2Nimbasa City, Unova
21.6%
9Veilstone City, Sinnoh
16.7%

You're not logged in!

Compare scores with friends on all Sporcle quizzes.
OR
Log In

Sporcle TV

Today on Sporcle TV


Watch our educational content, quiz creation guides, and fun videos on Sporcle TV.

Show Comments

Extras

Top Quizzes Today


Score Distribution

Your Account Isn't Verified!

In order to create a playlist on Sporcle, you need to verify the email address you used during registration. Go to your Sporcle Settings to finish the process.

Report this User

Report this user for behavior that violates our Community Guidelines.

Details: